| 000 | 02617nam a22002417a 4500 | ||
|---|---|---|---|
| 003 | UA-OsUOA | ||
| 005 | 20210805103016.0 | ||
| 008 | 210805b un ||||| |||| 00| 0 ukr d | ||
| 040 |
_aUA-OsUOA _bukr _cUA-OsUOA _dUA-OsUOA |
||
| 041 | _aukr | ||
| 080 | _a343.98:343.35 | ||
| 090 | _a343.98:343.35 | ||
| 095 |
_a12.00.09 _bкримінальний процес та криміналістика , судова експериза |
||
| 100 | _aСабадаш В. П. | ||
| 245 |
_aМетодика розслідування злочинів, вчинених у сфері реалізації корпоративних прав _cСабадаш Віктор Петрович ; наук. керівник Ахтирська Наталя Миколаївна |
||
| 260 |
_aКиїв _c2003 |
||
| 300 | _a18 с. | ||
| 502 |
_6Автореферат дисертації на здобуття наукового ступеня кандидата юридичних наук
_cКиївський національний університет імені Тараса Шевченка _d2003 |
||
| 520 | _aРукопис є дослідженням на монографічному рівні методики розслідування злочинів, вчинених у сфері реалізації корпоративних прав. У роботі вивчені та узагальнені елементи криміналістичної характеристики корпоративних злочинів: способи злочинів, зокрема при приватизації державного майна, способи розкрадань та супутні йому злочини, що здійснюються шляхом заснування інвестиційної фірми (страхової компанії, довірчого товариства, підприємства Селенгу тощо) та залучення інвесторів (вкладників грошів) з наступним присвоєнням їх коштів. Наведено класифіковану систему злочинів, які вчиняються у сфері реалізації корпоративних прав, а також розроблено методику виявлення та розслідування злочинів, вчинених у сфері реалізації корпоративних прав. | ||
| 650 |
_2UDC _a343 Кримінальне право. Карні порушення |
||
| 942 |
_2udc _cAR |
||
| 955 | _a1 | ||
| 999 |
_c571117 _d571117 |
||